| 000 | 00995nam a2200241 a 4500 | ||
|---|---|---|---|
| 003 | BD-DhJNU | ||
| 005 | 20251009050557.0 | ||
| 008 | 010228s2001 enkab b 001 0 eng | ||
| 020 | _a0761962875 | ||
| 020 | _a0761962883 | ||
| 040 |
_aBD-DhJNU _bENG _cBD-DhJNU _dBD-DhJNU |
||
| 082 | 0 | 0 |
_a910.21 ROS _223 |
| 100 | 1 | _aRogerson, Peter. | |
| 245 | 1 | 0 |
_aStatistical methods for geography / _cPeter A. Rogerson. |
| 260 |
_aLondon ; _aThousand Oaks, Calif. : _bSAGE Publications, _c2001. |
||
| 300 |
_axii, 236 p. : _bill., maps ; _c25 cm. |
||
| 504 | _aIncludes bibliographical references (p. [229]-232) and index. | ||
| 650 | 0 |
_aGeography _xStatistical methods. |
|
| 856 | 4 | 2 |
_3Publisher description _uhttp://www.loc.gov/catdir/enhancements/fy0657/2001274907-d.html |
| 856 | 4 | 1 |
_3Table of contents only _uhttp://www.loc.gov/catdir/enhancements/fy0657/2001274907-t.html |
| 856 | 4 | 2 |
_3Contributor biographical information _uhttp://www.loc.gov/catdir/enhancements/fy1109/2001274907-b.html |
| 942 | _cBK | ||
| 999 |
_c2216 _d2216 |
||